The quality audit :a management evaluation tool / (Record no. 11823)

000 -LEADER
fixed length control field 00435nam a2200145 4500
008 - FIXED-LENGTH DATA ELEMENTS--GENERAL INFORMATION
fixed length control field 210112b ||||| |||| 00| 0 eng d
020 ## - INTERNATIONAL STANDARD BOOK NUMBER
International Standard Book Number 0070424284
082 00 - DEWEY DECIMAL CLASSIFICATION NUMBER
Classification number 658.562
Item number M6571
100 ## - MAIN ENTRY--PERSONAL NAME
9 (RLIN) 4121
Personal name Mills, Charles A.
245 10 - TITLE STATEMENT
Title The quality audit :a management evaluation tool /
260 ## - PUBLICATION, DISTRIBUTION, ETC. (IMPRINT)
Place of publication, distribution, etc New York:
Name of publisher, distributor, etc McGraw-Hill,
Date of publication, distribution, etc 1989
300 ## - PHYSICAL DESCRIPTION
Extent xix, 309 p.
650 #0 - SUBJECT ADDED ENTRY--TOPICAL TERM
Topical term or geographic name as entry element Quality control
General subdivision Auditing
942 ## - ADDED ENTRY ELEMENTS (KOHA)
Source of classification or shelving scheme
Item type Books
Holdings
Withdrawn status Lost status Source of classification or shelving scheme Damaged status Not for loan Permanent location Current location Date acquired Full call number Barcode Date last seen Koha item type
          IMU Kolkata IMU Kolkata 2021-01-12 658.562 M6571 08345 2021-01-12 Books
Designed and Maintained by IMU-KC Library, Kolkata Campus © Copyright All Rights Reserved

webs counters

Powered by Koha